[Event "CYCC U16"]
[Site "Victoria CAN"]
[Date "2005.03.24"]
[Round "1.7"]
[White "Yu, Jonathan"]
[Black "Letourneau, Leo"]
[Result "1-0"]
[WhiteElo "1846"]
[BlackElo "960"]
[PlyCount "23"]
[GameId "2160767910965250"]
[EventDate "2005.03.24"]
[EventType "swiss"]
[EventRounds "7"]
[EventCountry "CAN"]

1. e4 g6 2. d4 d5 3. exd5 Qxd5 4. c4 Qa5+ 5. Nc3 Bg7 6. Nf3 Bf5 7. Bd3 Bxd3 8. Qxd3 Nc6 9. Bd2 Qf5 10. Qxf5 gxf5 11. a4 Nb4 12. O-O 1-0

[Event "CYCC U16"]
[Site "Victoria CAN"]
[Date "2005.03.24"]
[Round "1.8"]
[White "Porter, Kyle"]
[Black "Chan, Michael"]
[Result "0-1"]
[WhiteElo "934"]
[BlackElo "1701"]
[PlyCount "42"]
[GameId "2160767910965251"]
[EventDate "2005.03.24"]
[EventType "swiss"]
[EventRounds "7"]
[EventCountry "CAN"]

1. e4 e5 2. Nf3 Nc6 3. d4 exd4 4. Nxd4 Nge7 5. Bb5 Nxd4 6. Qxd4 a6 7. Bh6 axb5 8. Bxg7 Rg8 9. Bxf8 Rxf8 10. O-O Nc6 11. Qd3 Qg5 12. e5 Rg8 13. g3 b6 14. Nc3 Bb7 15. Qxb5 Ba6 16. Qd5 Bxf1 17. Rxf1 Ra5 18. Nb5 Qxe5 19. Re1 Qxe1+ 20. Kg2 Qe5 21. c4 Qxd5+ 0-1

[Event "CYCC U16"]
[Site "Victoria CAN"]
[Date "2005.03.24"]
[Round "2.1"]
[White "Chan, Michael"]
[Black "Wang, David"]
[Result "0-1"]
[WhiteElo "1701"]
[BlackElo "2176"]
[PlyCount "34"]
[GameId "2160767910965252"]
[EventDate "2005.03.24"]
[EventType "swiss"]
[EventRounds "7"]
[EventCountry "CAN"]

1. d4 Nf6 2. Nf3 d5 3. Bf4 c5 4. e3 Nc6 5. Bb5 Qb6 6. Nc3 a6 7. dxc5 Qxc5 8. Qd4 e6 9. Qxc5 Bxc5 10. Bxc6+ bxc6 11. Na4 Ba7 12. c4 Ne4 13. Nd4 Bd7 14. c5 Nxc5 15. Nxc5 Bxc5 16. Rc1 Be7 17. Nxc6 Rc8 0-1

[Event "CYCC U16"]
[Site "Victoria CAN"]
[Date "2005.03.24"]
[Round "2.2"]
[White "Derraugh, Geordie"]
[Black "Yu, Jonathan"]
[Result "0-1"]
[WhiteElo "1943"]
[BlackElo "1846"]
[PlyCount "106"]
[GameId "2160767910965253"]
[EventDate "2005.03.24"]
[EventType "swiss"]
[EventRounds "7"]
[EventCountry "CAN"]

1. e4 e6 2. d4 d5 3. exd5 exd5 4. c4 c6 5. Nc3 Nf6 6. Nf3 Be7 7. Be2 dxc4 8. Bxc4 O-O 9. O-O Nbd7 10. h3 Nb6 11. Bb3 Nbd5 12. Bg5 Be6 13. Bc2 h6 14. Bh4 Qc8 15. Re1 Nf4 16. Bd3 Nxd3 17. Qxd3 Nd5 18. Bxe7 Nxe7 19. Ne5 Nd5 20. Ne4 Bf5 21. Qf3 Bxe4 22. Rxe4 Qd8 23. Rae1 Qf6 24. Qg3 Rad8 25. Rd1 Rfe8 26. Rd3 Re7 27. Rg4 h5 28. Rh4 Qh6 29. f4 f6 30. Ng6 Re4 31. f5 Rxh4 32. Qxh4 Qg5 33. Qxg5 fxg5 34. Rg3 Nf6 35. Rb3 Rd7 36. Kf2 Rc7 37. Ke3 Kf7 38. Ne5+ Ke7 39. Ke2 Nd5 40. g4 Nf4+ 41. Kd2 Kf6 42. a4 c5 43. Nd3 cxd4 44. Nf2 Re7 45. Kd1 b6 46. Rf3 Re3 47. Rxe3 dxe3 48. Ne4+ Ke5 49. Nxg5 h4 50. Nf3+ Ke4 51. Nxh4 Kd3 52. g5 e2+ 53. Ke1 Ke3 0-1

[Event "CYCC U16"]
[Site "Victoria CAN"]
[Date "2005.03.24"]
[Round "2.3"]
[White "Nodin, Conrad"]
[Black "Tam, Timothy"]
[Result "0-1"]
[WhiteElo "859"]
[BlackElo "1845"]
[PlyCount "80"]
[GameId "2160767910965254"]
[EventDate "2005.03.24"]
[EventType "swiss"]
[EventRounds "7"]
[EventCountry "CAN"]

1. Nf3 Nf6 2. g3 g6 3. Bg2 Bg7 4. Nc3 O-O 5. e4 c6 6. d4 d6 7. Bg5 h6 8. Bxf6 Bxf6 9. O-O Bg4 10. e5 Bg7 11. h3 Be6 12. h4 Bg4 13. exd6 Qxd6 14. Qd3 Bxf3 15. Bxf3 Qxd4 16. Qxd4 Bxd4 17. Rfd1 Be5 18. b4 Bxc3 19. Rab1 a6 20. Rd3 Bf6 21. c4 b5 22. cxb5 axb5 23. a3 Ra7 24. Rc1 Bb2 25. Re1 Rxa3 26. Rxa3 Bxa3 27. Rxe7 Bxb4 28. Rb7 Re8 29. Kg2 Bd6 30. h5 Re7 31. Rb6 b4 32. Bxc6 Nxc6 33. Rxc6 Re6 34. hxg6 fxg6 35. Kf3 Kf7 36. Kg2 Be5 37. Rc2 b3 38. Rc1 b2 39. Rb1 Rc6 40. f4 Rc1 0-1

[Event "CYCC U16"]
[Site "Victoria CAN"]
[Date "2005.03.24"]
[Round "2.4"]
[White "Ye, Ling Feng"]
[Black "Churchill, Sam"]
[Result "1-0"]
[WhiteElo "1752"]
[BlackElo "1590"]
[PlyCount "39"]
[GameId "2160767910965255"]
[EventDate "2005.03.24"]
[EventType "swiss"]
[EventRounds "7"]
[EventCountry "CAN"]

1. e4 Nf6 2. e5 Nd5 3. d4 d6 4. c4 Nb6 5. f4 dxe5 6. fxe5 Nc6 7. Be3 Bf5 8. Nc3 e6 9. Be2 Qd7 10. Nf3 O-O-O 11. O-O h6 12. Qd2 Bg4 13. Rad1 Be7 14. b3 f6 15. exf6 Bxf6 16. Ne4 Ne7 17. Ne5 Bxe5 18. Bxg4 Qc6 19. Nc5 Nf5 20. Nxe6 1-0

[Event "CYCC U16"]
[Site "Victoria CAN"]
[Date "2005.03.24"]
[Round "2.5"]
[White "Ho, Conrad"]
[Black "Fokkema, Jerred"]
[Result "1-0"]
[WhiteElo "1705"]
[BlackElo "1684"]
[PlyCount "63"]
[GameId "2160767910965256"]
[EventDate "2005.03.24"]
[EventType "swiss"]
[EventRounds "7"]
[EventCountry "CAN"]

1. e4 c5 2. Nc3 a6 3. a4 g6 4. Bc4 Nc6 5. f4 Bg7 6. Nf3 d6 7. O-O Nf6 8. d3 O-O 9. Qe1 Bg4 10. Qh4 Bxf3 11. Rxf3 Nb4 12. Rf2 Qd7 13. h3 Nh5 14. f5 Bf6 15. Qg4 Nc6 16. fxg6 Qxg4 17. gxf7+ Kg7 18. hxg4 Bxc3 19. bxc3 Nf6 20. g5 Ng4 21. Rf4 Nge5 22. Bd5 Nxf7 23. Rb1 Ncd8 24. Rb3 Rb8 25. Rb6 Ne5 26. Rh4 Nd7 27. Rb1 Ne5 28. g6 Nxg6 29. Bh6+ Kf6 30. Rf1+ Ke5 31. Bg7+ Rf6 32. Rf5# 1-0

[Event "CYCC U16"]
[Site "Victoria CAN"]
[Date "2005.03.24"]
[Round "2.5"]
[White "Ho, Martin"]
[Black "Jia, Derek"]
[Result "1-0"]
[WhiteElo "1827"]
[BlackElo "1867"]
[PlyCount "163"]
[GameId "2160767910965257"]
[EventDate "2005.03.24"]
[EventType "swiss"]
[EventRounds "7"]
[EventCountry "CAN"]

1. e4 c5 2. Nf3 d6 3. d4 cxd4 4. Nxd4 Nf6 5. Nc3 a6 6. Be2 e5 7. Nb3 Be7 8. O-O O-O 9. a4 Be6 10. Be3 d5 11. exd5 Nxd5 12. Nxd5 Bxd5 13. a5 Be6 14. Nc5 Qc8 15. Nxe6 Qxe6 16. b3 Nc6 17. Bc4 Qc8 18. f4 Bb4 19. Bb6 Bc3 20. Ra4 Bd4+ 21. Bxd4 exd4 22. Qh5 Qd8 23. Bd3 g6 24. Qh6 Qf6 25. f5 Qg7 26. Qf4 Qe5 27. fxg6 hxg6 28. Qxe5 Nxe5 29. Rxd4 Nxd3 30. Rxd3 Rac8 31. c3 Rc7 32. Kf2 Rfc8 33. Rc1 Rc5 34. b4 Rc4 35. Ke3 Kg7 36. Kd2 Rg4 37. g3 Rh8 38. Rh1 Re4 39. Re3 Rc4 40. Kd3 Rc7 41. Re2 Rd8+ 42. Kc2 Rdc8 43. Re3 Kf8 44. Rd1 Kg7 45. Rd4 Rh8 46. Re2 Rf8 47. Rd3 Rh8 48. Kb3 Rhc8 49. Rc2 Kf8 50. c4 Ke7 51. Rd4 Kf8 52. Ka4 Kg7 53. Kb3 Kf8 54. Re2 Kg7 55. Ree4 Rh8 56. Rh4 Re8 57. Rhe4 Rh8 58. Re2 Rhc8 59. Kc3 Kf8 60. Rb2 Ke7 61. b5 axb5 62. Rxb5 Rh8 63. Rd2 Rhc8 64. Rb4 Rc5 65. Rxb7+ Ke8 66. Rd4 Rxa5 67. Rh4 Rh5 68. Rxh5 gxh5 69. Kb4 h4 70. gxh4 Rc6 71. Kb5 Rh6 72. c5 f5 73. Rb6 Rxh4 74. Kc6 f4 75. Kb7 Ke7 76. c6 f3 77. c7 f2 78. Rb1 Rb4+ 79. Rxb4 f1=Q 80. c8=Q Qg2+ 81. Qc6 Qxh2 82. Qc7+ 1-0

[Event "CYCC U16"]
[Site "Victoria CAN"]
[Date "2005.03.24"]
[Round "2.7"]
[White "Letourneau, Leo"]
[Black "Goodman, Kevin"]
[Result "0-1"]
[WhiteElo "960"]
[BlackElo "1673"]
[PlyCount "66"]
[GameId "2160767910965258"]
[EventDate "2005.03.24"]
[EventType "swiss"]
[EventRounds "7"]
[EventCountry "CAN"]

1. g3 Nf6 2. Bg2 c6 3. d4 d5 4. Bf4 Bf5 5. e3 Nbd7 6. Nc3 h6 7. Nge2 g5 8. Be5 Nxe5 9. dxe5 Nd7 10. Qd4 e6 11. O-O-O Bg7 12. f4 Qe7 13. e4 Bg4 14. exd5 cxd5 15. h3 Bf5 16. g4 Bg6 17. Rhf1 Qc5 18. Qxc5 Nxc5 19. Nb5 O-O 20. Nd6 gxf4 21. b4 Na6 22. b5 Nb4 23. Nd4 Bxe5 24. Nxb7 Rac8 25. Rf2 Rc7 26. a3 Bxd4 27. axb4 Bxf2 28. Rd2 Be3 29. Nd6 Rxc2+ 30. Kd1 Rxd2+ 31. Ke1 Rxg2 32. b6 f3 33. bxa7 Rg1# 0-1

[Event "CYCC U16"]
[Site "Victoria CAN"]
[Date "2005.03.24"]
[Round "2.8"]
[White "Bowles, Malcolm"]
[Black "McKay, Zachary"]
[Result "1-0"]
[WhiteElo "1377"]
[BlackElo "1051"]
[PlyCount "93"]
[GameId "2160767910965259"]
[EventDate "2005.03.24"]
[EventType "swiss"]
[EventRounds "7"]
[EventCountry "CAN"]

1. Nf3 Nf6 2. g3 d6 3. Bg2 g6 4. O-O Bg7 5. d3 O-O 6. e4 d5 7. exd5 Qxd5 8. Nc3 Qc5 9. Re1 Ng4 10. Ne4 Qb6 11. h3 f5 12. hxg4 fxe4 13. Rxe4 Nc6 14. Qe1 Re8 15. Rb1 Bd7 16. Be3 Qb5 17. Nd4 Nxd4 18. Bxd4 e5 19. Bc3 Bc6 20. Rb4 Qc5 21. Rc4 Qd6 22. Bxc6 bxc6 23. Qe4 c5 24. Qe3 Bf6 25. Rxc5 h5 26. Rc4 Qe7 27. Qh6 Qh7 28. Qxh7+ Kxh7 29. gxh5 gxh5 30. Rxc7+ Kg6 31. Re1 h4 32. gxh4 Bxh4 33. Rxe5 Rf8 34. Rc6+ Kg7 35. Rh5+ Bf6 36. Bxf6+ Rxf6 37. Rxf6 Kxf6 38. Kf1 Rc8 39. c3 Kg6 40. Rh4 Rf8 41. Ke2 Kg5 42. Re4 Rf4 43. Rxf4 Kxf4 44. b4 Ke5 45. Ke3 Kd5 46. c4+ Kc6 47. Ke4 1-0

[Event "CYCC U16"]
[Site "Victoria CAN"]
[Date "2005.03.25"]
[Round "3"]
[White "Wang, David"]
[Black "Tam, Timothy"]
[Result "1-0"]
[WhiteElo "2176"]
[BlackElo "1845"]
[PlyCount "95"]
[GameId "2160767910965260"]
[EventDate "2005.03.24"]
[EventType "swiss"]
[EventRounds "7"]
[EventCountry "CAN"]

1. e4 c5 2. Nf3 Nc6 3. d4 cxd4 4. Nxd4 Nf6 5. Nc3 e5 6. Ndb5 d6 7. Bg5 a6 8. Na3 b5 9. Bxf6 gxf6 10. Nd5 f5 11. Bd3 Be6 12. Qh5 f4 13. g3 Qa5+ 14. c3 Bxd5 15. exd5 b4 16. dxc6 bxc3 17. O-O cxb2 18. Qf5 Ra7 19. Rab1 Qxa3 20. Qc8+ Ke7 21. c7 Bg7 22. Qxh8 Bxh8 23. c8=Q Qxd3 24. Qxh8 fxg3 25. hxg3 Rb7 26. Qc8 Qe4 27. Qc3 Qe2 28. Qc6 Rd7 29. Qb6 f5 30. Rxb2 Qg4 31. Qxa6 f4 32. Qd3 Ke6 33. Qe4 h5 34. Rb7 Rxb7 35. Qxb7 Qe2 36. a4 fxg3 37. fxg3 Qe3+ 38. Kg2 e4 39. Qf7+ Ke5 40. Rf5+ Kd4 41. Qa7+ Kd3 42. Rd5+ Ke2 43. Qa6+ Qd3 44. Rxd3 exd3 45. Qxd6 d2 46. Qe5+ Kd3 47. Qxh5 Kc2 48. Qe2 1-0

[Event "CYCC U16"]
[Site "Victoria CAN"]
[Date "2005.03.25"]
[Round "3.2"]
[White "Yu, Jonathan"]
[Black "Ye, Ling Feng"]
[Result "1-0"]
[WhiteElo "1846"]
[BlackElo "1752"]
[PlyCount "57"]
[GameId "2160767910965261"]
[EventDate "2005.03.24"]
[EventType "swiss"]
[EventRounds "7"]
[EventCountry "CAN"]

1. e4 c5 2. Nf3 e6 3. c3 Nf6 4. e5 Nd5 5. d4 cxd4 6. cxd4 Nc6 7. Bc4 Nb6 8. Bb3 d6 9. Bg5 Qc7 10. O-O dxe5 11. dxe5 Nd7 12. Re1 Bb4 13. Nc3 O-O 14. Qe2 Bxc3 15. bxc3 b6 16. Bc2 Nc5 17. Nd4 Nxd4 18. cxd4 Nd7 19. Rac1 Qb8 20. Qh5 g6 21. Qh6 f5 22. exf6 Nxf6 23. Bxg6 Qb7 24. Bd3 Ng4 25. Qh4 Nxf2 26. Be4 Nxe4 27. Rxe4 Rf5 28. Rg4 Qf7 29. Bh6+ 1-0

[Event "CYCC U16"]
[Site "Victoria CAN"]
[Date "2005.03.25"]
[Round "3.3"]
[White "Derraugh, Geordie"]
[Black "Ho, Conrad"]
[Result "1-0"]
[WhiteElo "1943"]
[BlackElo "1705"]
[PlyCount "48"]
[GameId "2160767910965262"]
[EventDate "2005.03.24"]
[EventType "swiss"]
[EventRounds "7"]
[EventCountry "CAN"]

1. e4 e6 2. d4 d5 3. exd5 exd5 4. c4 Nf6 5. Nc3 Bb4 6. Nf3 O-O 7. Be2 dxc4 8. O-O Nd5 9. Qc2 Be7 10. Nxd5 Qxd5 11. Bxc4 Qh5 12. Bf4 c6 13. Rfe1 Bf6 14. Ne5 Bxe5 15. Rxe5 Qh4 16. Qe4 Nd7 17. Re8 Qf6 18. Re1 Rxe8 19. Qxe8+ Nf8 20. Bd6 Bd7 21. Qxa8 Qxd6 22. Qxb7 Qxd4 23. Qb3 Be6 24. Bxe6 Nxe6 1-0

[Event "CYCC U16"]
[Site "Victoria CAN"]
[Date "2005.03.25"]
[Round "3.4"]
[White "Bowles, Malcolm"]
[Black "Ho, Martin"]
[Result "0-1"]
[WhiteElo "1377"]
[BlackElo "1827"]
[PlyCount "200"]
[GameId "2160767910965263"]
[EventDate "2005.03.24"]
[EventType "swiss"]
[EventRounds "7"]
[EventCountry "CAN"]

1. Nf3 e6 2. g3 Nf6 3. Bg2 Be7 4. O-O O-O 5. d3 d5 6. Nbd2 c5 7. Re1 Nc6 8. e4 b6 9. b3 Bb7 10. exd5 exd5 11. Bb2 Re8 12. Re2 Bd6 13. Rxe8+ Nxe8 14. Nh4 Be7 15. Nf5 Bf6 16. Bxf6 Nxf6 17. a3 Qd7 18. Bh3 Qc7 19. Qf1 Re8 20. Re1 Rxe1 21. Qxe1 Qe5 22. Qc1 Bc8 23. Nf3 Qe2 24. Qg5 Bxf5 25. Qxf5 Qe8 26. Kf1 h6 27. Qf4 Qe7 28. Qf5 Qe8 29. Qf4 Qd8 30. Qa4 Qc7 31. Qa6 Ne8 32. Qc8 Kf8 33. Qf5 Nf6 34. Kg1 Qd8 35. Qf4 Ne8 36. Qf5 Kg8 37. Qg4 Nd6 38. Qh5 Nb5 39. Ne5 Nxe5 40. Qxe5 Nxa3 41. Qb2 Nb5 42. Qe5 Nd4 43. Bg2 Nxc2 44. Bxd5 Nb4 45. Bc4 Nc6 46. Qf5 Qc7 47. Bxf7+ Qxf7 48. Qc8+ Kh7 49. Qxc6 Qxb3 50. Qe4+ Kh8 51. Qe8+ Qg8 52. Qd7 Qb8 53. Qb5 Qb7 54. Qe8+ Kh7 55. Qf8 a5 56. Qf5+ g6 57. Qe6 a4 58. h4 h5 59. g4 hxg4 60. Qxg4 b5 61. h5 Qg7 62. Kf1 g5 63. Qf5+ Kg8 64. Qe6+ Qf7 65. Qc8+ Qf8 66. Qe6+ Kg7 67. Qg6+ Kh8 68. Qxg5 a3 69. Qe5+ Kh7 70. Qe4+ Kg7 71. Qe5+ Kf7 72. Qf5+ Kg7 73. Qg5+ Kh8 74. Qe5+ Qg7 75. Qe8+ Kh7 76. Qe4+ Kh6 77. Qe6+ Kxh5 78. Qf5+ Qg5 79. Qh3+ Kg6 80. Qe6+ Qf6 81. Qg4+ Kf7 82. Qd7+ Qe7 83. Qf5+ Ke8 84. Qc8+ Qd8 85. Qe6+ Kf8 86. Qf5+ Ke7 87. Qxc5+ Qd6 88. Qa7+ Kf6 89. Qe3 b4 90. Qh6+ Ke5 91. Qe3+ Kd5 92. Qe4+ Kc5 93. Qc4+ Kb6 94. d4 Ka5 95. Qd3 Qd5 96. Qh7 Ka4 97. Qc2+ b3 98. Qd3 Qb5 99. Qxb5+ Kxb5 100. d5 a2 0-1

[Event "CYCC U16"]
[Site "Victoria CAN"]
[Date "2005.03.25"]
[Round "3.5"]
[White "Churchill, Sam"]
[Black "Chan, Michael"]
[Result "1-0"]
[WhiteElo "1590"]
[BlackElo "1701"]
[PlyCount "101"]
[GameId "2160767910965264"]
[EventDate "2005.03.24"]
[EventType "swiss"]
[EventRounds "7"]
[EventCountry "CAN"]

1. e4 e5 2. d4 exd4 3. Nf3 Nc6 4. Bc4 Bc5 5. c3 dxc3 6. Bxf7+ Kxf7 7. Qd5+ Ke8 8. Qxc5 Qe7 9. Qxe7+ Ngxe7 10. Nxc3 d6 11. Nb5 Kd7 12. Be3 b6 13. O-O-O Ng6 14. Bd4 Nxd4 15. Nfxd4 Rf8 16. f3 Nf4 17. Rd2 c6 18. Nc3 Ba6 19. a3 Rae8 20. b4 Re5 21. g3 Nd3+ 22. Kc2 c5 23. b5 cxd4 24. bxa6 Ne1+ 25. Rxe1 dxc3 26. Rd3 Rc5 27. Ree3 Rfc8 28. Rxc3 Ra5 29. Rxc8 Kxc8 30. Rd3 Kc7 31. Kb3 Rxa6 32. Rd5 h6 33. h4 g6 34. Kb4 Kc6 35. a4 Kc7 36. f4 b5 37. Rxb5 Rc6 38. e5 Rc1 39. exd6+ Kxd6 40. Re5 Rg1 41. Re3 Kd5 42. Ra3 Rb1+ 43. Ka5 Rb6 44. Re3 Rc6 45. Re5+ Kc4 46. Re7 a6 47. Rh7 h5 48. Re7 Kb3 49. Re5 Rf6 50. Re7 Kc4 51. Ra7 1-0

[Event "CYCC U16"]
[Site "Victoria CAN"]
[Date "2005.03.25"]
[Round "3.6"]
[White "Goodman, Kevin"]
[Black "Porter, Kyle"]
[Result "1-0"]
[WhiteElo "1673"]
[BlackElo "934"]
[PlyCount "43"]
[GameId "2160767910965265"]
[EventDate "2005.03.24"]
[EventType "swiss"]
[EventRounds "7"]
[EventCountry "CAN"]

1. d4 Nf6 2. c4 e6 3. Nc3 c5 4. Nf3 Nc6 5. d5 exd5 6. cxd5 Nb8 7. Bg5 Be7 8. d6 Bf8 9. e4 Qa5 10. Bxf6 gxf6 11. Bc4 Bg7 12. O-O f5 13. Qd5 O-O 14. Ng5 h6 15. Nxf7 Bxc3 16. bxc3 Qxc3 17. Nxh6+ Kh7 18. Nxf5 Nc6 19. Ne7 Nd4 20. Qh5+ Kg7 21. Qg6+ Kh8 22. Qh6# 1-0

[Event "CYCC U16"]
[Site "Victoria CAN"]
[Date "2005.03.25"]
[Round "3.7"]
[White "Jia, Derek"]
[Black "Nodin, Conrad"]
[Result "1-0"]
[WhiteElo "1867"]
[BlackElo "859"]
[PlyCount "33"]
[GameId "2160767910965266"]
[EventDate "2005.03.24"]
[EventType "swiss"]
[EventRounds "7"]
[EventCountry "CAN"]

1. e4 e6 2. d4 Qh4 3. Bd3 b6 4. Nf3 Qe7 5. O-O Nf6 6. e5 Ng4 7. c4 Bb7 8. Nc3 Bxf3 9. Qxf3 Nh6 10. Qxa8 Qd8 11. d5 d6 12. exd6 Bxd6 13. Bxh6 gxh6 14. Rfe1 c6 15. dxe6 O-O 16. Qxa7 fxe6 17. Qxh7# 1-0

[Event "CYCC U16"]
[Site "Victoria CAN"]
[Date "2005.03.25"]
[Round "3.8"]
[White "Fokkema, Jerred"]
[Black "McKay, Zachary"]
[Result "1-0"]
[WhiteElo "1684"]
[BlackElo "1051"]
[PlyCount "21"]
[GameId "2160767910965267"]
[EventDate "2005.03.24"]
[EventType "swiss"]
[EventRounds "7"]
[EventCountry "CAN"]

1. e4 d5 2. exd5 Nf6 3. d4 Qxd5 4. Nc3 Qa5 5. Bd2 Nc6 6. Nb5 Qa4 7. Nxc7+ Kd8 8. Nxa8 Qxd4 9. Bc3 Qxd1+ 10. Rxd1+ Ke8 11. Nc7# 1-0

[Event "CYCC U16"]
[Site "Victoria CAN"]
[Date "2005.03.25"]
[Round "4"]
[White "Yu, Jonathan"]
[Black "Wang, David"]
[Result "1/2-1/2"]
[WhiteElo "1846"]
[BlackElo "2176"]
[PlyCount "50"]
[GameId "2160767910965268"]
[EventDate "2005.03.24"]
[EventType "swiss"]
[EventRounds "7"]
[EventCountry "CAN"]

1. e4 c5 2. Nf3 e6 3. c3 d5 4. e5 d4 5. Bd3 Nc6 6. O-O Nge7 7. Be4 Bd7 8. d3 Ng6 9. Bxg6 fxg6 10. Bg5 Qb6 11. Qe2 h6 12. Bc1 Be7 13. Qe4 O-O-O 14. Qxg6 Qc7 15. Bf4 Rdf8 16. Bg3 h5 17. h4 Rf5 18. Qxg7 Rff8 19. Qg6 Nd8 20. Qe4 Bc6 21. Qe2 Bxf3 22. gxf3 Nc6 23. Na3 Qd8 24. Qe4 Rf5 25. Nc4 Rff8 1/2-1/2

[Event "CYCC U16"]
[Site "Victoria CAN"]
[Date "2005.03.25"]
[Round "4.2"]
[White "Ye, Ling Feng"]
[Black "Derraugh, Geordie"]
[Result "1/2-1/2"]
[WhiteElo "1752"]
[BlackElo "1943"]
[PlyCount "40"]
[GameId "2160767910965269"]
[EventDate "2005.03.24"]
[EventType "swiss"]
[EventRounds "7"]
[EventCountry "CAN"]

1. e4 e5 2. Nf3 Nc6 3. Bb5 a6 4. Bxc6 dxc6 5. O-O Bd6 6. d4 Bg4 7. dxe5 Bxf3 8. Qxf3 Bxe5 9. c3 Nf6 10. Na3 O-O 11. Qf5 Qe7 12. Nc4 Rfe8 13. Bg5 h6 14. Bxf6 Qxf6 15. Qxf6 Bxf6 16. f3 Rad8 17. Rad1 Be7 18. g3 Bc5+ 19. Kg2 f6 20. b4 Bb6 1/2-1/2

[Event "CYCC U16"]
[Site "Victoria CAN"]
[Date "2005.03.25"]
[Round "4.3"]
[White "Tam, Timothy"]
[Black "Churchill, Sam"]
[Result "1-0"]
[WhiteElo "1845"]
[BlackElo "1590"]
[PlyCount "105"]
[GameId "2160767910965270"]
[EventDate "2005.03.24"]
[EventType "swiss"]
[EventRounds "7"]
[EventCountry "CAN"]

1. e4 Nf6 2. e5 Nd5 3. d4 d6 4. exd6 cxd6 5. Bc4 Nb6 6. Bb3 Nc6 7. Nf3 Bg4 8. Bxf7+ Kxf7 9. Ng5+ Ke8 10. Qxg4 Qc8 11. Qf4 h6 12. Qf7+ Kd7 13. Qf5+ Ke8 14. Qf7+ Kd7 15. Nf3 Nb4 16. Na3 Nxc2+ 17. Nxc2 Qxc2 18. O-O g5 19. Re1 Qc4 20. Qf5+ e6 21. Qf7+ Be7 22. b3 Qd5 23. Ba3 Qf5 24. Ne5+ Kd8 25. Qxf5 exf5 26. Nf7+ Kd7 27. Nxh8 Rxh8 28. Rac1 Nd5 29. Rc4 b6 30. Rc2 Bf6 31. Rd2 Rc8 32. Bb2 a6 33. a3 Rd8 34. g3 Rc8 35. Kg2 Rg8 36. h3 Rg6 37. Rde2 Rg8 38. Rc2 Rg7 39. b4 Rg8 40. Rc4 Rg7 41. Ba1 Rg8 42. Rcc1 Rg7 43. Rb1 Rg8 44. a4 Rc8 45. b5 a5 46. Rbc1 Rxc1 47. Rxc1 Nb4 48. Bc3 Nd5 49. Bb2 Bg7 50. Rc6 Bf8 51. Kf3 h5 52. Ke2 Be7 53. Ba3 1-0

[Event "CYCC U16"]
[Site "Victoria CAN"]
[Date "2005.03.25"]
[Round "4.4"]
[White "Ho, Martin"]
[Black "Goodman, Kevin"]
[Result "1/2-1/2"]
[WhiteElo "1827"]
[BlackElo "1673"]
[PlyCount "43"]
[GameId "2160767910965271"]
[EventDate "2005.03.24"]
[EventType "swiss"]
[EventRounds "7"]
[EventCountry "CAN"]

1. e4 e6 2. d4 d5 3. Nd2 Nf6 4. e5 Nfd7 5. Bd3 c5 6. c3 Nc6 7. Ne2 f6 8. Nf4 Qe7 9. Qh5+ Qf7 10. Bg6 hxg6 11. Qxh8 fxe5 12. Ne2 exd4 13. cxd4 Nxd4 14. Nxd4 cxd4 15. O-O b6 16. Nf3 Ba6 17. Re1 O-O-O 18. Ng5 Qf5 19. Rxe6 Be7 20. Qh4 Qxe6 21. Nxe6 Bxh4 22. Nxd8 1/2-1/2

[Event "CYCC U16"]
[Site "Victoria CAN"]
[Date "2005.03.25"]
[Round "4.5"]
[White "Chan, Michael"]
[Black "Jia, Derek"]
[Result "1/2-1/2"]
[WhiteElo "1701"]
[BlackElo "1867"]
[PlyCount "20"]
[GameId "2160767910965272"]
[EventDate "2005.03.24"]
[EventType "swiss"]
[EventRounds "7"]
[EventCountry "CAN"]

1. d4 Nf6 2. Nf3 d5 3. Bf4 e6 4. e3 Nbd7 5. Nbd2 Bd6 6. Bxd6 cxd6 7. Bd3 O-O 8. c3 Re8 9. O-O e5 10. e4 exd4 1/2-1/2

[Event "CYCC U16"]
[Site "Victoria CAN"]
[Date "2005.03.25"]
[Round "4.6"]
[White "Ho, Conrad"]
[Black "Bowles, Malcolm"]
[Result "1-0"]
[WhiteElo "1705"]
[BlackElo "1377"]
[PlyCount "47"]
[GameId "2160767910965273"]
[EventDate "2005.03.24"]
[EventType "swiss"]
[EventRounds "7"]
[EventCountry "CAN"]

1. e4 d6 2. d4 Nf6 3. Nc3 g6 4. Bc4 Bg7 5. Qe2 O-O 6. e5 Nfd7 7. Nf3 Nb6 8. Bb3 Bg4 9. Bf4 Nc6 10. Rd1 Qc8 11. O-O Bxf3 12. Qxf3 dxe5 13. dxe5 Nxe5 14. Bxe5 Bxe5 15. Rfe1 Bf6 16. Ne4 Bxb2 17. Ng5 Bf6 18. Nxf7 Kg7 19. Be6 Qb8 20. Qh3 c6 21. Qh6+ Kg8 22. Ng5+ Rf7 23. Qxh7+ Kf8 24. Qxf7# 1-0

[Event "CYCC U16"]
[Site "Victoria CAN"]
[Date "2005.03.25"]
[Round "4.7"]
[White "Fokkema, Jerred"]
[Black "Porter, Kyle"]
[Result "1-0"]
[WhiteElo "1684"]
[BlackElo "934"]
[PlyCount "94"]
[GameId "2160767910965274"]
[EventDate "2005.03.24"]
[EventType "swiss"]
[EventRounds "7"]
[EventCountry "CAN"]

1. e4 Nc6 2. d4 d5 3. e5 Nh6 4. Bxh6 gxh6 5. Nf3 Bf5 6. Bb5 Bd7 7. Nc3 e6 8. a3 a6 9. Ba4 b5 10. Bb3 f6 11. Qe2 Bg7 12. exf6 Qxf6 13. O-O-O h5 14. Nxd5 Qh6+ 15. Kb1 O-O-O 16. Nc3 Rhe8 17. Ne4 e5 18. d5 Nd4 19. Nxd4 exd4 20. Qd3 Bf5 21. Nd6+ Rxd6 22. Qxf5+ Kb7 23. Qd3 Rf8 24. f3 c5 25. dxc6+ Rxc6 26. Bd5 Qe3 27. Bxc6+ Kxc6 28. Qxh7 Qe5 29. Rhe1 Qf6 30. Qe4+ Kb6 31. Qe6+ Qxe6 32. Rxe6+ Kc5 33. Rxa6 Re8 34. Rg6 Be5 35. Rg5 b4 36. Re1 Kd5 37. Rexe5+ Rxe5 38. Rxe5+ Kxe5 39. axb4 Kd5 40. Kc1 Kc4 41. Kd2 Kxb4 42. f4 Kc5 43. f5 Kd6 44. f6 Ke6 45. Kd3 Kxf6 46. Kxd4 Kg5 47. b4 Kg4 1-0

[Event "CYCC U16"]
[Site "Victoria CAN"]
[Date "2005.03.25"]
[Round "4.8"]
[White "Nodin, Conrad"]
[Black "Letourneau, Leo"]
[Result "0-1"]
[WhiteElo "859"]
[BlackElo "960"]
[PlyCount "119"]
[GameId "2160767910965275"]
[EventDate "2005.03.24"]
[EventType "swiss"]
[EventRounds "7"]
[EventCountry "CAN"]

1. d4 g6 2. Nf3 Bg7 3. b3 c5 4. Bb2 cxd4 5. Nxd4 Qb6 6. e3 Nc6 7. Na3 Nh6 8. Rb1 O-O 9. Nc4 Qc5 10. Ba3 Qh5 11. Qxh5 gxh5 12. Nxc6 Bc3+ 13. Nd2 dxc6 14. Bb2 Bxd2+ 15. Kxd2 Rd8+ 16. Ke1 Bf5 17. Bd3 Bxd3 18. cxd3 Rxd3 19. Rd1 Rxd1+ 20. Kxd1 Rd8+ 21. Kc2 Ng4 22. h3 Nxf2 23. Rf1 Nd3 24. Rd1 Nb4+ 25. Kc1 Rxd1+ 26. Kxd1 Nxa2 27. Kc2 Nb4+ 28. Kd2 f5 29. Ba3 Nd5 30. Ke2 e6 31. Kf3 b5 32. Bc5 a6 33. b4 Kf7 34. e4 fxe4+ 35. Kxe4 Nc3+ 36. Kf4 Nd5+ 37. Kg5 e5 38. Kh6 Nf6 39. h4 e4 40. g3 Nd7 41. Bd4 Nf6 42. Bc5 Ke6 43. Bd4 Nd5 44. Kxh5 Nxb4 45. g4 Nd5 46. g5 b4 47. Kh6 e3 48. Kxh7 e2 49. Bf2 Nf4 50. g6 Nxg6 51. Kxg6 b3 52. h5 b2 53. h6 b1=Q+ 54. Kg7 e1=Q 55. Bxe1 Qxe1 56. h7 Qe5+ 57. Kg8 Qg5+ 58. Kh8 Qh5 59. Kg8 Qf7+ 60. Kh8 0-1